| 000 | 00606nam a2200205 a 4500 | ||
|---|---|---|---|
| 003 | MX-MxUPN | ||
| 005 | 20240520170227.0 | ||
| 008 | 991125s1908 mx r 000 0 spa d | ||
| 035 | _aUPN01000020227 | ||
| 040 |
_aMX-MxUPN _bspa _cMX-MxUPN |
||
| 041 | 0 | _aspa | |
| 050 | 1 | 4 |
_aLA425 _bV3.4 |
| 100 | 1 |
_aVázquez Gómez, Francisco _951989 |
|
| 245 | 1 | 3 | _aLa enseñanza secundaria en el Distrito Federal |
| 260 |
_aMéxico : _bTalleres Tipográficos "El Tiempo", _c1908 |
||
| 300 | _a204 páginas | ||
| 650 | 2 |
_aEducación secundaria _zMéxico _xHistoria _99977 |
|
| 904 |
_aAC _b020228 |
||
| 942 |
_2lcc _cLIBRO |
||
| 999 |
_c20227 _d20227 |
||